Normal view
MARC view
- Saritha P. G
Entry Personal Name
001 - CONTROL NUMBER
- control field: 3654
003 - CONTROL NUMBER IDENTIFIER
- control field: OSt
005 - DATE AND TIME OF LATEST TRANSACTION
- control field: 20181010142140.0
008 - FIXED-LENGTH DATA ELEMENTS
- fixed length control field: 181010|| aca||aabn | a|a d
040 ## - CATALOGING SOURCE
- Original cataloging agency: OSt
- Transcribing agency: OSt
100 ## - HEADING--PERSONAL NAME
- Personal name: Saritha P. G
670 ## - SOURCE DATA FOUND
- Source citation: Work cat.: (OSt)15138: AMRUTHA C.A 3653, Water balance study of KCAET campus for suggesting suitable water harvesting structures
